Logistika dreva: práca so živým materiálom
Drevárska logistika ako dôležitá súčasť slovenského hospodárstva. Skladovanie surového dreva. Preprava dreva najmä cestnou dopravou. Využitie regálových systémov pri skladovaní reziva, obkladových materiálov a drevopanelov. Manipulácia s drevom. Preprava dovezeného dreva aj železničnou dopravou špec...
Salvato in:
| Autore principale: | |
|---|---|
| Natura: | Capitolo di libro |
| Lingua: | slovacco |
| Soggetti: | |
| Tags: |
Nessun Tag, puoi essere il primo ad aggiungerne!!
|
MARC
| LEADER | 00000naa a2200000 4500 | ||
|---|---|---|---|
| 001 | 0160250 | ||
| 005 | 20231011073219.6 | ||
| 041 | 0 | |a slo | |
| 044 | |a CZ | ||
| 245 | 1 | 0 | |a Logistika dreva: práca so živým materiálom |c Jozef Brezovský |
| 520 | |a Drevárska logistika ako dôležitá súčasť slovenského hospodárstva. Skladovanie surového dreva. Preprava dreva najmä cestnou dopravou. Využitie regálových systémov pri skladovaní reziva, obkladových materiálov a drevopanelov. Manipulácia s drevom. Preprava dovezeného dreva aj železničnou dopravou špeciálnymi vozňami. | ||
| 610 | 2 | 0 | |a doprava cestná nákladná |
| 610 | 2 | 0 | |a doprava železničná nákladná |
| 610 | 2 | 0 | |a drevo |
| 610 | 2 | 0 | |a logistika |
| 610 | 2 | 0 | |a manipulácia s materiálom |
| 610 | 2 | 0 | |a skladovanie |
| 610 | 2 | 0 | |a priemysel drevársky |
| 100 | 1 | |a Brezovský, Jozef | |